000 00429nam a2200181Ia 4500
001 4928
005 20260306145830.0
008 260306t2022||||xx |||||||||||||| ||spa||
041 _aESP
082 _a331.8733
_bR84
100 _aRossell, Lucho,
_eAUT
245 0 _aDoris y Teófilo :
_btierra y justicia
260 _c2022
300 _a63 páginas :
_c24 cm.
650 _aGEN
654 _aCAN
942 _cLIB
_dJUS
_fJUS
_2ddc
_n
999 _c4928
_d4928